00493nam a2200193 a 4500001001300000003000900013005001700022008004100039020001000080082001500090100001600105245003100121260004500152300000800197500003500205505002000240650002300260700001600283nice12345678IN_TiNIC20260116011531.0050524s1941 naga grp 000 0 eng  ac10000a275.4bPUX aPuxley, H L aChristian Land Settlements aNagpurbSt.Francis De Sales` Pressc1941 a76p aincludes index and biblioraphy2 aEpilogue, Notes aChristianity-India1 aPuxley, H L